Interoperabilidad entre el LMS Moodle y las aplicaciones educativas de propósito específico utilizando servicios del IMS-LTI (Record no. 179324)
[ view plain ]
| 000 -CABECERA | |
|---|---|
| campo de control de longitud fija | 01924nab a2200313 a 4500 |
| 005 - FECHA Y HORA DE LA ÚLTIMA TRANSACCIÓN | |
| campo de control | 20251104102318.0 |
| 008 - ELEMENTOS DE LONGITUD FIJA--INFORMACIÓN GENERAL | |
| campo de control de longitud fija | 991125c2015 mx fr p o 000 0 spa d |
| 035 ## - NÚMERO DE CONTROL DEL SISTEMA | |
| Número de control de sistema | UPN01000207223 |
| 040 ## - FUENTE DE LA CATALOGACIÓN | |
| Centro catalogador/agencia de origen | MX-MxUPN |
| Lengua de catalogación | spa |
| Centro/agencia transcriptor | MX-MxUPN |
| Normas de descripción | aacr2 |
| 049 ## - COLECCIÓN | |
| Colección | ART-E |
| 100 1# - ASIENTO PRINCIPAL--NOMBRE PERSONAL | |
| Nombre de persona | Soto Cardinault, Cynthia Guadalupe |
| 100 1# - ASIENTO PRINCIPAL--NOMBRE PERSONAL | |
| Filiación | cyntsc@yahoo.com |
| 100 1# - ASIENTO PRINCIPAL--NOMBRE PERSONAL | |
| Nombre de persona | Menéndez Domínguez, Víctor Hugo |
| 100 1# - ASIENTO PRINCIPAL--NOMBRE PERSONAL | |
| Filiación | mdoming@correo.uady.mx |
| 100 1# - ASIENTO PRINCIPAL--NOMBRE PERSONAL | |
| Nombre de persona | Aguilar Vera, Raúl Antonio |
| 100 1# - ASIENTO PRINCIPAL--NOMBRE PERSONAL | |
| Filiación | avera@uady.mx |
| 245 10 - MENCIÓN DE TÍTULO | |
| Título | Interoperabilidad entre el LMS Moodle y las aplicaciones educativas de propósito específico utilizando servicios del IMS-LTI |
| 506 0# - NOTA DE RESTRICCIONES AL ACCESO | |
| Limitaciones de acceso | Acceso abierto |
| 520 3# - NOTA DE RESUMEN, ETC. | |
| Sumario, etc. | Compartir y reutilizar recursos digitales de alta calidad resulta una necesidad creciente en materia educativa; por ello, es conveniente conocer mecanismos de interoperabilidad con sistemas de gestión de aprendizaje transparentes de implementar y que permiten aprovechar al máximo las características propias de su diseño instruccional. En este artículo, presentamos una introducción al estándar de interoperabilidad IMS-LTI que ayuda a que esto sea posible y un breve análisis comparativo respecto al estándar SCORM, ambos ampliamente aceptados y usados en este contexto; asimismo, ejemplificamos el proceso de interoperabilidad entre una aplicación de aprendizaje de propósito específico (alojada en general en forma remota) y Moodle, una plataforma educativa empleada en el ámbito educativo. |
| 650 #2 - ASIENTO SECUNDARIO DE MATERIA - TERMINO TEMATICO | |
| Término de materia o nombre geográfico como elemento de entrada | Moodle (Programa para computadora) |
| 9 (RLIN) | 26810 |
| 653 0# - TERMINO DE INDIZACION - NO CONTROLADO | |
| Término no controlado | Aprendizaje en linea |
| 653 0# - TERMINO DE INDIZACION - NO CONTROLADO | |
| Término no controlado | Interoperabilidad |
| 653 0# - TERMINO DE INDIZACION - NO CONTROLADO | |
| Término no controlado | Reutilización |
| 773 ## - ENLACE AL DOCUMENTO FUENTE/ENTRADA DE REGISTRO ANFITRIÓN | |
| Parte(s) relacionada(s) | Vol 7, no. 2 (2015), p. 1-10 |
| Título | Apertura : revista de innovación educativa |
| Número Internacional Normalizado para Publicaciones Seriadas | 2007-1094 |
| 856 4# - LOCALIZACIÓN Y ACCESO ELECTRÓNICOS | |
| Identificador Uniforme del Recurso | <a href="http://www.udgvirtual.udg.mx/apertura/index.php/apertura/article/view/724">http://www.udgvirtual.udg.mx/apertura/index.php/apertura/article/view/724</a> |
| 902 ## - ELEMENTOS DE DATOS B LOCAL, LDB (RLIN) | |
| Creó | Gloria Jiménez/041125 |
| 905 ## - TIPO DE MATERIAL | |
| Tipo de material | Articulo |
| 942 ## - ELEMENTOS DE PUNTO DE ACCESO ADICIONAL (KOHA) | |
| Tipo de ítem Koha | Artículo Electrónico |
| Estado de retiro | Estado de pérdida | Estado dañado | No para préstamo | Código de colección | Localización permanente | Ubicación/localización actual | Ubicación en estantería | Fecha de adquisición | Total de préstamos | Fecha visto por última vez | Identificador Uniforme del Recurso | Precio válido a partir de | Tipo de ítem Koha |
|---|---|---|---|---|---|---|---|---|---|---|---|---|---|
| Acceso abierto | Bib. Gregorio Torres Quintero | Bib. Gregorio Torres Quintero | En línea | 04/11/2025 | 04/11/2025 | http://www.udgvirtual.udg.mx/apertura/index.php/apertura/article/view/724 | 04/11/2025 | Artículo Electrónico |
